Catalog

Record Details

Catalog Search



Balkán: 2000 let mezi Východem a Západem  Cover Image Book Book

Balkán: 2000 let mezi Východem a Západem / Michael W. Weithmann ; [z němčiny přeložili Jan Souček, Růžena Dostálová]

Record details

  • ISBN: 80-7021-199-7
  • Physical Description: 431 s. : il., mapy ; 25 cm
  • Edition: Vyd. 1.
  • Publisher: Praha : Vyšehrad, 1996

Content descriptions

General Note:
Chronologický přehl.
Bibliography, etc. Note:
Jmenný a zeměpisný rejstřík
Bibliogr.
Subject: Evropa jihovýchodní > dějiny
balkánské země > dějiny
Genre: přehledy

Available copies

  • 1 of 1 copy available at Common Catalog SPOK.

Holds

  • 0 current holds with 1 total copy.
Show All Copies
Location Call Number / Copy Notes Barcode Shelving Location Status Due Date
Jabok Library VO-6.2/W 424480013809 Odborná literatura Available -

LDR 01434nam a2200397 a 4500
00131524
003CZ-PrJAB
00520220331143217.0
007tu
008970418s1996 xr ab e 001 0 cze
015 . ‡acnb000173990
020 . ‡a80-7021-199-7 ‡q(váz.)
035 . ‡a(CZ PrNK)cpk19960173990
035 . ‡a(OCoLC)37960490
040 . ‡aABA001 ‡bcze
0411 . ‡acze ‡hger
043 . ‡aed-----
072 7. ‡a94(4) ‡xDějiny Evropy ‡2Konspekt ‡98
080 . ‡a949.7 ‡2undef
1001 . ‡aWeithmann, Michael W. ‡q(Michael Wilhelm) ‡4aut
24510. ‡aBalkán: 2000 let mezi Východem a Západem / ‡cMichael W. Weithmann ; [z němčiny přeložili Jan Souček, Růžena Dostálová]
250 . ‡aVyd. 1.
260 . ‡aPraha : ‡bVyšehrad, ‡c1996
300 . ‡a431 s. : ‡bil., mapy ; ‡c25 cm
500 . ‡aChronologický přehl.
504 . ‡aJmenný a zeměpisný rejstřík
504 . ‡aBibliogr.
651 7. ‡aEvropa jihovýchodní ‡7ge128614 ‡xdějiny ‡2czenas
651 7. ‡abalkánské země ‡7ge131487 ‡xdějiny ‡2czenas
655 7. ‡apřehledy ‡7fd133202 ‡2czenas
7001 . ‡aDostálová, Růžena, ‡d1924-2014 ‡7jk01022845 ‡4trl
7001 . ‡aSouček, Jan ‡4trl
7650 . ‡tBalkan - Chronik: 2000 Jahre zwischen Orient und Okzident ‡9Česky
910 . ‡aABG312
995 . ‡aska
901 . ‡a31524 ‡bCZ-PrJAB ‡c31524 ‡tbiblio

Additional Resources